000 00476nam a2200181Ia 4500
003 GCL
008 140319s9999 xx 000 0 ara d
040 _aGCL /
_cGCL
082 0 4 _a812.008
_bا د
100 1 _aالفريد فرج
245 1 0 _aدائرة الضوء - صور ادبية /
_cالفريد فرج
700 1 _aمكسيم جورجى
300 _a220 ص
490 _a
650 0 4 _aالادب
650 0 4 _aالتراجم الذاتية
942 _2ddc
_cBK
999 _c46223
_d46223